000
00307nam a22001337a 4500
020
_a
81-87834-61-7
082
_a
920
_b
MEG/G
100
_a
MEGHANATHAN,RADHIKA
245
_a
WORLD LEADERS
260
_a
CHENNAI
_b
SEASONS PUBLISHING
300
_a
128
650
_a
LIVES OF WORLD LEADERS
_z
CHENNAI
942
_c
BK
999
_c
6365
_d
6365